Trade and aid in South-East Asia.

में बचाया:
ग्रंथसूची विवरण
निगमित लेखक: Committee for Economic Development of Australia.
स्वरूप: पुस्तक
भाषा:Undetermined
प्रकाशित: Melbourne Cheshire 1968
विषय:
टैग : टैग जोड़ें
कोई टैग नहीं, इस रिकॉर्ड को टैग करने वाले पहले व्यक्ति बनें!
Thư viện lưu trữ: Trung tâm Học liệu Trường Đại học Cần Thơ
LEADER 00604nam a2200193Ia 4500
001 CTU_91248
008 210402s9999 xx 000 0 und d
082 |a 330.959 
082 |b C734 
110 |a Committee for Economic Development of Australia. 
245 0 |a Trade and aid in South-East Asia. 
260 |a Melbourne 
260 |b Cheshire 
260 |c 1968 
650 |a Economic assistance, australian,Asia, southeastern,Commerce 
650 |x Economic conditions,Asia, southeastern 
650 |z Asia, southeastern 
904 |i Năm 
980 |a Trung tâm Học liệu Trường Đại học Cần Thơ